000 00930nam a2200229Ia 4500
003 IN-BaIIA
008 211028s9999 xx 000 0 eng d
020 _a5-02-024566-6
040 _cIIA Library
080 _a524.338.3(082.2)
_bMAG
111 _aInternational Meeting on the problem physics and evolution of stars
_cRussia
_d1987 Oct. 12-17
_917609
245 0 _aMagnetic stars
_bproceedings of International meeting on the problem physics and evolution of stars held in Nizny Arkhyz, Russia, 12-17 Oct 1987
_cedited by Yu. V. Glagolevsky and I. M. Kopylov
260 _aLeningrad
_bNauka Publishing
_c1988
300 _a327p.
650 _aAP stars
_99396
650 _aAstronomy and astrophysics thesaurus
650 _aMagnetic properties
_92241
650 _aMagnetic stars
_95410
700 _aGlagolevsky, Yu. V., ed.
_917610
700 _aKopylov, I. M.
_917611
942 _cBK
999 _c10360
_d10360